| 000 | 00000nam##2200000za#4500 |
| 001 | 9.683684 |
| 003 | CaOODSP |
| 005 | 20210615133718 |
| 007 | ta |
| 008 | 150407|2007||||xxc||||| f|0| 0 fre|d |
| 020 | |a978-0-662-73706-3 |
| 040 | |aCaOODSP|bfre |
| 043 | |an-cn--- |
| 086 | 1 |aM144-145/3-2007F |
| 110 | 1 |aCanada.|bRessources naturelles Canada. |bOffice de l'efficacité énergétique. |
| 245 | 10|aPortes, fenêtres et puits de lumière |
| 246 | 1 |iAutre titre cité pour la publication : |aEnergy Star - portes, fenêtres et puits de lumière |
| 260 | |aOttawa - Ontario : |bRessources naturelles Canada. |c2007. |
| 300 | |a1 feuille ([2]p.) : |bcartes en couleur, tableaux ; |c28 cm. |
| 500 | |aEn tête du titre: ECOÉNERGIE - ensemble pour faire plus avec moins. |
| 563 | |aDépliant |
| 590 | |a07-17|b2007-04-27 |
| 691 | 07|aLogement|2gcpds |
| 691 | 07|aProduit de consommation|2gcpds |
| 691 | 07|aRendement énergétique|2gcpds |
| 775 | 08|tWindows, doors & skylights |w(CaOODSP)9.650588 |
| 776 | 0#|tPortes, fenêtres et puits de lumière |w(CaOODSP)9.633946 |